LEADER 00925nam2-22003251i-450- 001 990000871020403321 005 20001010 010 $a0-471-20141-3 035 $a000087102 035 $aFED01000087102 035 $a(Aleph)000087102FED01 035 $a000087102 100 $a20001010d--------km-y0itay50------ba 101 0 $aita 105 $ay-------001yy 200 1 $a1 : IX, 300 p. 1974. 210 $aChicherster$cJohn Wiley & Sons$d1974- 1975 215 $a2 v. (p. 675 compless.) 23 cm 225 1 $aWiley series in probability and mathematical statistics 461 0$1001000084715$12001$aTheory of Probability 676 $a519.2 700 1$aDe Finetti,$bBruno$f<1906-1985>$012015 801 0$aIT$bUNINA$gRICA$2UNIMARC 901 $aBK 912 $a990000871020403321 952 $a000087102000001$fFINBN 959 $aFINBN 996 $a1 : IX, 300 p. 1974$9355858 997 $aUNINA DB $aING01 LEADER 01372nam 2200469 450 001 9910820628403321 005 20230123092617.0 010 $a0-299-33733-2 035 $a(CKB)5840000000017827 035 $a(OCoLC)1311463410 035 $a(MdBmJHUP)musev2_100456 035 $a(MiAaPQ)EBC6954060 035 $a(Au-PeEL)EBL6954060 035 $a(EXLCZ)995840000000017827 100 $a20230123d2022 uy 0 101 0 $aeng 135 $aur|||||||nn|n 181 $ctxt$2rdacontent 182 $cc$2rdamedia 183 $acr$2rdacarrier 200 14$aThe Befana is returning $ethe story of a Tuscan festival /$fSteve Siporin 210 1$aMadison, Wisconsin :$cThe University of Wisconsin Press,$d[2022] 210 4$dİ2022 215 $a1 online resource 311 $a0-299-33730-8 320 $aIncludes bibliographical references and index. 606 $aEpiphany 606 $aEpiphany$zItaly$zPitigliano (Grosseto) 606 $aFolk festivals 607 $aPitigliano (Grosseto, Italy)$xSocial life and customs 615 0$aEpiphany. 615 0$aEpiphany 615 0$aFolk festivals. 676 $a263 700 $aSiporin$b Steve$0801332 801 0$bMiAaPQ 801 1$bMiAaPQ 801 2$bMiAaPQ 906 $aBOOK 912 $a9910820628403321 996 $aThe Befana is returning$93993055 997 $aUNINA LEADER 05145nam 22006491 450 001 9910917249603321 005 20140912134227.0 010 $a9781472517241 010 $a1472517245 010 $a9781472505439 010 $a1472505433 010 $a9781472593078 010 $a1472593073 024 7 $a10.5040/9781472593078 035 $a(CKB)2560000000353663 035 $a(SSID)ssj0001666249 035 $a(PQKBManifestationID)16455598 035 $a(PQKBTitleCode)TC0001666249 035 $a(PQKBWorkID)15000302 035 $a(PQKB)11303547 035 $a(OCoLC)1024267132 035 $a(UtOrBLW)bslw09311072 035 $a(UtOrBLW)BP9781472593078BC 035 $a(MiAaPQ)EBC6627416 035 $a(oapen)doab92843 035 $a(EXLCZ)992560000000353663 100 $a20150116d2014 uy 0 101 0 $aeng 135 $aurun|---uuuua 181 $ctxt 182 $cc 183 $acr 200 00$aCensorship moments $ereading texts in the history of Censorship and freedom of expression /$fedited by Geoff Kemp 205 $a1st ed. 210 1$aLondon :$cBloomsbury,$d2014. 215 $a1 online resource (xii, 212 pages) 225 0 $aTextual moments in the history of political thought 300 $aBibliographic Level Mode of Issuance: Monograph 311 08$a9781472508225 311 08$a147250822X 311 08$a9781472512840 311 08$a1472512847 320 $aIncludes bibliographical references and index. 327 $aList of Illustrations -- Contributors -- Series Editors' Foreword -- Introduction / Geoff Kemp -- Chapter 1. Cato the Censor and Socrates the Tyrant / Arlene W. Saxonhouse -- Chapter 2. The Case of Cremutius Cordus: Tacitus on Censorship and Writing under Despotic Rulers / Daniel J. Kapust -- Chapter 3. The Peace of Babylon (and What it Censors): St Augustine of Hippo's City of God / Miles Hollingworth -- Chapter 4. The Regulation of Language in Medieval Theology: The Summa Theologica of St Thomas Aquinas / Debora Shuger -- Chapter 5. William of Ockham on Ecclesiastical Censorship / Takashi Shogimen -- Chapter 6. 'Whether to Confiscate, Burn and Destroy All Jewish Books': Johannes Reuchlin and the Jewish Book Controversy / David H. Price -- Chapter 7. To Kill a Heretic: Sebastian Castellio against John Calvin / Bruce Gordon -- Chapter 8. Paolo Sarpi, the Papal Index and Censorship / Federico Barbierato -- Chapter 9. Areopagitica's Adversary: Henry Parker and the Humble Remonstrance / Geoff Kemp -- Chapter 10. Text and Image: William Marshall's Frontispiece to the Eikon Basilike (1649) / Helen Pierce -- Chapter 11. Rara temporum felicitas: Spinoza's Theological-Political Treatise / Edwin Curley -- Chapter 12. Roman Censorship, Spartan Parallels and Modern Uses in Rousseau's Social Contract / Melissa Lane -- Chapter 13. Censorship from Rulers, Censorship from Book Piracy: The Strategies of Immanuel Kant / John Christian Laursen -- Chapter 14. The 'Censorship of Public Opinion': James Madison, the Sedition Act Crisis and Democratic Press Liberty / Robert W. T. Martin -- Chapter 15. The 'Spirit of Independence' in Benjamin Constant's Thoughts on a Free Press / Bryan Garsten -- Chapter 16. The Royal Shambles (1816): Hiding Republicanism in Plain Sight / Jason McElligott -- Chapter 17. Mill and Censoriousness / Gregory Claeys -- Chapter 18. 'Every Idea is an Incitement': Holmes and Lenin / Sue Curry Jansen -- Chapter 19. Orwell: Liberty, Literature and the Issue of Censorship / Stephen Ingle -- Chapter 20. Sphinx with a Secret: Leo Strauss's 'Persecution and the Art of Writing' / Thomas Meyer -- Chapter 21. The Silencing of Women's Voices: Catharine MacKinnon's Only Words / Katherine Smits -- Notes -- Suggestions for Further Reading -- Index. 330 $a"Censorship in varying forms has been part of human experience for 2,500 years and has proved itself to be a recurring presence for political thought, whether as active repression, a shaping context for expression, or as itself a subject for analysis and argument. From the death of Socrates to the fatwa against Salman Rushdie, attempts to silence thinkers and writers have provoked passionate and often penetrating responses that speak of their historical moment. Censorship Moments will provide short, accessible and stimulating access to a variety of these responses. Each chapter will couple a short textual 'moment' of writing on censorship and freedom of expression by a past writer with analysis by an expert current scholar. The book's main focus is the public political dimension of censorship, in its relation to political authority and political thought, while also reflecting on the porous boundary to literature and other areas such as law and the media."--Bloomsbury Publishing. 410 0$aTextual Moments in the History of Political Thought 606 $aCensorship 606 $2Media studies 615 0$aCensorship. 676 $a303.376 702 $aKemp$b Geoff 801 0$bUtOrBLW 801 1$bUtOrBLW 906 $aBOOK 912 $a9910917249603321 996 $aCensorship moments$94306161 997 $aUNINA